| 000 | 00468nam a2200145Ia 4500 | ||
|---|---|---|---|
| 008 | 231129s2007||||xx |||||||||||||| ||spa|| | ||
| 020 | _a978-58-45-0182-0 | ||
| 040 | _bspa | ||
| 082 | _a658.4052 L425n | ||
| 100 | _aLax David A. | ||
| 245 | 0 | _aNegociación tridimensional: Herramientas poderosas para cambiar el juego en sus negociaciones más importantes | |
| 260 | _c2007 | ||
| 264 | _aGrupo Editorial Norma | ||
| 942 |
_2ddc _cBKS |
||
| 999 |
_c21633 _d21633 |
||